00968nam a2200289Ia 450000500170000000800410001702000180005804100080007610000150008424500630009925000180016230000500018060000610023065000430029165000450033465000350037965000370041470000360045194200150048726400270050233600270052933700330055633800280058904000350061708400110065299900150066320220317001828.0170410s2013 s a g 000 p s  a9788496473652 aspa1 aAzid, Aloe13aEl libro inclinado de Peter Newellcversión de Aloe Azid a3a. edición a[48] páginasbilustraciones en colorc23 cm14aNewell, Peterd1862-1924vAdaptaciones literarias977600142LEMBaPoesía infantil estadounidense142LEMBaLiteratura infantil estadounidense142LEMBaNiños en la literatura142LEMBaAventuras en la literatura1 aNewell, Peterd1862-1924977602 2loccBKLIT aBarcelonabThulec2013 atextobtxt2rdacontent asin mediaciónbn2rdamedia avolumenbnc2rdacarrier aCO-BoRNBPbspaerdacCO-BoRNBP aP AZI1 c8232d8232